00419nam a22001457a 4500003000400000008004100004082001400045100001900059245011600078260003200194300001000226502001500236650001300251650000900264OSt260508b |||||||| |||| 00| 0 eng d a633bA61S aKumar, Anirudh aSystems of Cropping and Fertility Levels in Chickpea-Wheat Crop Combinations under Limited Supply of Irrigation aPusa, SamastipurbRAUc1987 a111P. bMsc.d1987 aAgronomy aMsc.